| 000 -LEADER |
| fixed length control field |
01199pab a2200169 454500 |
| 008 - FIXED-LENGTH DATA ELEMENTS--GENERAL INFORMATION |
| fixed length control field |
180718b2009 xxu||||| |||| 00| 0 eng d |
| 100 ## - MAIN ENTRY--PERSONAL NAME |
| Personal name |
Cheong, Jong One |
| 245 ## - TITLE STATEMENT |
| Title |
Suggested capacities for minister's success: an empirical approach based on Saaty's AHP |
| 260 ## - PUBLICATION, DISTRIBUTION, ETC. |
| Date of publication, distribution, etc. |
2009 |
| 300 ## - PHYSICAL DESCRIPTION |
| Extent |
p.136-51. |
| 362 ## - DATES OF PUBLICATION AND/OR SEQUENTIAL DESIGNATION |
| Dates of publication and/or sequential designation |
15 Jan |
| 520 ## - SUMMARY, ETC. |
| Summary, etc. |
The roles of ministers are complicated, multiple, and demanding. They need to perform both as a leader of public organization and as a political actor in the Cabinet as appointed by the president or prime minister. This research empirically examines which capacities and types of ministers account for their success. It concludes that a policy capacity is the most desirable ministerial capacity. In addition, this study concludes that a political type minister is the most appropriate ministerial type for ministerial success. However, there is not one best ministerial model, or one required capacity for ministerial success. That is, this study intends to better understand the virtue and the responsibility of ministers. - Reproduced. |
| 650 ## - SUBJECT ADDED ENTRY--TOPICAL TERM |
| Topical term or geographic name entry element |
Parliament |
| 773 ## - HOST ITEM ENTRY |
| Main entry heading |
International Journal of Public Administration |
| 908 ## - PUT COMMAND PARAMETER (RLIN) |
| Put command parameter |
N |
| 909 ## - |
| -- |
83060 |